Process systems analysis and control (Record no. 13575)

000 -LEADER
fixed length control field 00578nam a22002051 4500
001 - CONTROL NUMBER
control field 13575
003 - CONTROL NUMBER IDENTIFIER
control field BD-DhUET
008 - FIXED-LENGTH DATA ELEMENTS--GENERAL INFORMATION
fixed length control field 730306s1965 nyua b 000 0 eng
040 ## - CATALOGING SOURCE
Original cataloging agency DLC
Transcribing agency DLC
Modifying agency BD-DhUET
082 ## - DEWEY DECIMAL CLASSIFICATION NUMBER
Classification number 660.284
Item number COU/1965
100 1# - MAIN ENTRY--PERSONAL NAME
Personal name Coughanowr, Donald R.
245 10 - TITLE STATEMENT
Title Process systems analysis and control
250 ## - EDITION STATEMENT
Edition statement 1st ed.
260 ## - PUBLICATION, DISTRIBUTION, ETC. (IMPRINT)
Place of publication, distribution, etc. New York
Name of publisher, distributor, etc. McGraw-Hill
Date of publication, distribution, etc. 1965
300 ## - PHYSICAL DESCRIPTION
Extent xii, 491 p.
Other physical details ill.
Dimensions 21 cm.
490 ## - SERIES STATEMENT
Series statement McGraw-Hill chemical engineering series
650 #0 - SUBJECT ADDED ENTRY--TOPICAL TERM
Topical term or geographic name as entry element Control devices process engineering
700 ## - ADDED ENTRY--PERSONAL NAME
Personal name Koppel, Lowell B.
942 ## - ADDED ENTRY ELEMENTS (KOHA)
Koha item type General Book
Holdings
Price effective from Damaged status Sublocation or collection (holding branch) Date acquired Koha item type Koha normalized classification for sorting Koha full call number Copy number Withdrawn status Source of classification or shelving scheme Koha issues (times borrowed) Shelving location Not for loan Koha date last seen Piece designation (barcode) Lost status Koha date last borrowed Location (home branch)
2015-03-03 Central Library, BUET2015-03-03General Book660_284000000000000_COU_1965660.284/COU/19651   Circulation section 2015-03-0329699  Central Library, BUET
2015-03-03 Central Library, BUET2015-03-03General Book660_284000000000000_COU_1965660.284/COU/19652  1Circulation section 2017-05-0929689 2017-05-09Central Library, BUET
2015-03-03 Central Library, BUET2015-03-03General Book660_284000000000000_COU_1965660.284/COU/19653   Circulation section 2015-03-0329697  Central Library, BUET
2015-03-03 Central Library, BUET2015-03-03General Book660_284000000000000_COU_1965660.284/COU/19654   Circulation section 2015-03-0329692  Central Library, BUET
2015-03-03 Central Library, BUET2015-03-03General Book660_284000000000000_COU_1965660.284/COU/19655   Circulation section 2015-03-0329698  Central Library, BUET
2015-03-03 Central Library, BUET2015-03-03General Book660_284000000000000_COU_1965660.284/COU/19656   Circulation section 2015-03-0329690  Central Library, BUET
2015-03-03 Central Library, BUET2015-03-03General Book660_284000000000000_COU_1965660.284/COU/19657   Cataloging to Circulation 2015-03-0329688  Central Library, BUET
2015-03-04 Central Library, BUET2015-03-04General Book660_284000000000000_COU_1965660.284/COU/19658   Circulation section 2015-03-0434519  Central Library, BUET
2015-05-11 Central Library, BUET2015-05-11General Book660_284000000000000_COU_1965660.284/COU/19659   Circulation section 2015-05-1129694  Central Library, BUET
2015-05-11 Central Library, BUET2015-05-11General Book660_284000000000000_COU_1965660.284/COU/196510   Circulation section 2015-05-1129696  Central Library, BUET
2015-05-13 Central Library, BUET2015-05-13General Book660_284000000000000_COU_1965660.284/COU/196511   Circulation section 2015-05-1329695  Central Library, BUET
2015-05-14 Central Library, BUET2015-05-14General Book660_284000000000000_COU_1965660.284/COU/196512   Circulation section 2015-05-1417869  Central Library, BUET
2015-05-18 Central Library, BUET2015-05-18General Book660_284000000000000_COU_1965660.284/COU/196513   Circulation section 2015-05-1815822  Central Library, BUET
2015-06-20 Central Library, BUET2015-06-20General Book660_284000000000000_COU_1965660.284/COU/196514   Reading section 2015-06-2029700  Central Library, BUET
2015-06-20 Central Library, BUET2015-06-20General Book660_284000000000000_COU_1965660.284/COU/196515   Reading section 2015-06-2029701  Central Library, BUET
2015-07-10 Central Library, BUET2015-07-10General Book660_284000000000000_COU_1965660.284/COU/196516   Circulation section 2015-07-1016716  Central Library, BUET